World jury systems (Record no. 395634)

000 -LEADER
fixed length control field 00383cam a22001457a 4500
008 - FIXED-LENGTH DATA ELEMENTS--GENERAL INFORMATION
fixed length control field 180718b2000 xxu||||| |||| 00| 0 eng d
020 ## - INTERNATIONAL STANDARD BOOK NUMBER
International Standard Book Number 0198298560
082 ## - DEWEY DECIMAL CLASSIFICATION NUMBER
Classification number H57 V668
245 ## - TITLE STATEMENT
Title World jury systems
Statement of responsibility, etc. edited by Neil Vidmar
260 ## - PUBLICATION, DISTRIBUTION, ETC.
Place of publication, distribution, etc. Oxford
Name of publisher, distributor, etc. Oxford Univ. Press
Date of publication, distribution, etc. 2000
300 ## - PHYSICAL DESCRIPTION
Extent 464p.
440 ## - SERIES STATEMENT/ADDED ENTRY--TITLE
Title Oxferd socio-legal studies
650 ## - SUBJECT ADDED ENTRY--TOPICAL TERM
Topical term or geographic name entry element Jury
700 ## - ADDED ENTRY--PERSONAL NAME
Personal name Vidmar, Neil
Holdings
Withdrawn status Lost status Damaged status Not for loan Permanent Location Current Location Date acquired Full call number Barcode Date last seen Price effective from Koha item type
        Indian Institute of Public Administration Indian Institute of Public Administration 2001-01-23 H57 V668 76220 2018-07-21 2018-07-21 Book

Powered by Koha